[Event "Kolomna-ch 67th"]
[Site "Kolomna"]
[Date "2017.01.05"]
[Round "5"]
[White "Shadmanov, Kamol"]
[Black "Nikitin, Victor Alekseevich"]
[Result "1-0"]
[WhiteElo "1765"]
[BlackElo "1925"]
[PlyCount "69"]
[EventDate "2016.12.24"]
[EventType "swiss"]
[EventRounds "10"]
[EventCountry "RUS"]
[SourceTitle "EXT 2019"]
[Source "ChessBase"]
[SourceDate "2018.10.10"]
[SourceVersion "1"]
[SourceVersionDate "2018.10.10"]
[SourceQuality "1"]

1. e4 d5 2. exd5 Qxd5 3. Nc3 Qa5 4. d4 c6 5. Nf3 Qc7 6. Bc4 e6 7. 0-0 Nf6 8. Ne5 b5 9. Bd3 b4 10. Ne4 Nd5 11. c4 bxc3 12. bxc3 Be7 13. Qh5 g6 14. Qh6 Bf8 15. Qh3 Bg7 16. Bh6 0-0 17. Bxg7 Kxg7 18. f4 f5 19. Nc5 Re8 20. Rab1 Nxc3 21. Rb3 Nb5 22. Bxb5 cxb5 23. Rg3 Qd8 24. Rd1 Qf6 25. Rg5 a5 26. Rd3 Ra7 27. Rdg3 b4 28. Qh5 Kf8 29. Rxg6 hxg6 30. Nxg6+ Kf7 31. Qh7+ Qg7 32. Ne5+ Kf8 33. Rxg7 Rxg7 34. Qh8+ Ke7 35. Qxg7+ 1-0